5 Risposte in 15 Secondi: Capitali Nord Americane - Statistics

Statistiche generali
  • Questo quiz è stato fatto 35 volte
  • Il punteggio medio è 2 su 5
Statistiche sulle risposte
Stato Capitale % Corretto
Cuba L'Avana
100%
Bahamas Nassau
100%
Costa Rica San José
100%
Canada Ottawa
83%
Giamaica Kingston
75%
Panama Panama
75%
Guatemala Città del Guatemala
60%
Messico Città del Messico
50%
Haiti Port-au-Prince
50%
Repubblica Dominicana Santo Domingo
50%
Stati Uniti Washington
50%
Nicaragua Managua
40%
El Salvador San Salvador
40%
Belize Belmopan
33%
Saint Lucia Castries
20%
Antigua e Barbuda Saint John's
17%
Saint Kitts e Nevis Basseterre
0%
Barbados Bridgetown
0%
Saint Vincent and Grenadine Kingstown
0%
Trinidad e Tobago Port of Spain
0%
Dominica Roseau
0%
Grenada Saint George's
0%
Honduras Tegucigalpa
0%
Nessun quiz corrispondente trovato
Distribuzione punteggi
Percentuale di utenti per punteggio
Percentile per numero di risposta
I tuoi punteggi nel tempo
Non hai fatto questo quiz